000 01300nam a22003857a 4500
001 0065697
003 KOHA_MİRAKIL
005 20260207004610.0
007 ta
008 200625b2019 tu |||gr||||#0|||0|tur |
020 _a9786057822307
040 _aTR-BiSEU
_btur
_cTR-BiSEU
_erda
041 0 _atur
044 _ctu
050 _aHV6626.23
_b.T37 2019
100 1 _aTaştan, Coşkun.
245 1 _aKadına yönelik ölümcül şiddet :
_bVakalar, maktuller ve failler/
_cCoşkun Taştan ; Coşkun Taştan ; Aslıhan Küçüker Yıldız.
264 1 _aAnkara :
_bPolis Akademisi Yayınları
_c2019
300 _a177 sayfa; 24 cm
336 _ametin
_btxt
_2rdacontent
337 _aaracısız
_bn
_2rdamedia
338 _acilt
_bnc
_2rdacarrier
490 1 _aPolis Akademisi Yayınları ;
_v83
500 _aKaynakça var.
650 0 _aKadın--Suçlar.
_9123232
650 0 _aPolis hizmetleri--Türkiye.
_9123233
650 0 _aKadın hakları--Türkiye.
_910333
650 0 _aAile içi şiddet mağdurları--Türkiye.
_955601
650 0 _aWomen--Crimes against.
_9123234
650 0 _aWomen--Social conditions--Turkey.
_9123235
650 0 _aWomen's Rights--Turkey.
_9123236
830 1 _aPolis Akademisi Yayınları ;
_v83
_955619
907 _aAile
942 _2lcc
_cBK
999 _c66032
_d66032